00301nam a2200109Ia 4500008004100000020001700041082001500058100004500073245004400118260002000162300000900182210428s9999 xx 000 0 und d a0-7106-26878 a660 J331 J aChristopher F Foss and Richard Stickland 0aArmour and Artillery Upgrades 2005-2006 bJanesaUKc2005 a659p